Hrad si vyžaduje rekonštrukcie

Bibliographic Details
Format: Article
Language:Slovak
Subjects:

MARC

LEADER 00000nab a2200000 ar4500
001 vtls008835509
003 SK-MaSNL
005 20260303190025.0
008 060801c2005 xo wr|n|||||||000 b|slo
015 |a SLLK2005  |2 sllk 
038 |a SLLK 
040 |a SLLK  |b slo  |c sllk  |e AACR2 
041 0 |a slo 
044 |a xo  |c SK 
080 |a 069.013  |2 1997 
080 |a 728.81  |2 1997 
245 0 0 |a Hrad si vyžaduje rekonštrukcie  |c [autor] (eo) 
610 2 7 |a Ľubovnianske múzeum (Stará Ľubovňa, Slovensko)  |2 snkbucl  |9 33159 
610 2 7 |a Ľubovniansky hrad (Stará Ľubovňa, Slovensko)  |2 snkbucl  |9 102635 
650 0 7 |a hrady  |x rekonštrukcie  |2 snkbucl  |9 1217891 
651 7 |a Stará Ľubovňa (Slovensko)  |2 snkbucl  |9 19193 
773 0 |t Ľubovnianske noviny  |g Roč. XXXI, č. 46 (2005) s. 2 
852 |a SLLK  |b KIS3GCP 
999 |c 2134213  |d 2136143